| 000 | 00000nam##2200000za#4500 |
| 001 | 9.673439 |
| 003 | CaOODSP |
| 005 | 20210615131610 |
| 007 | ta |
| 008 | 150407|2011||||xxc||||| f|0| 0 eng|d |
| 020 | |a978-1-100-54227-0 |
| 040 | |aCaOODSP|beng |
| 041 | |aeng |
| 041 | |afre |
| 043 | |an-cn--- |
| 086 | 1 |aR3-111/2012 |
| 110 | 1 |aCanada. |bAboriginal Affairs and Northern Development Canada. |
| 245 | 10|aAboriginal consultation and accommodation : |bupdated guidelines for federal officials to fulfill the duty to consult |
| 260 | |aOttawa - Ontario : |bAboriginal Affairs and Northern Development Canada |cMarch 2011. |
| 300 | |aEnglish text, 68p. : |bfigs. ; |c28 cm. |
| 520 | 3 |aProvides practical advice and direction to federal departments and agencies regarding the legal requirement for the Crown to consult with Aboriginal groups and, where appropriate, accommodate their interests. |
| 563 | |aRing binding |
| 590 | |a12-19|b2012-05-11 |
| 690 | 07|aIndigenous rights|2gcpds |
| 690 | 07|aConsultations|2gcpds |
| 776 | 0#|tConsultation et accommodement des Autochtones : |w(CaOODSP)9.640012 |
| 776 | 0#|tAboriginal consultation and accommodation : |w(CaOODSP)9.695892 |
| 792 | |tConsultation et accommodement des Autochtones : |efre|w(CaOODSP)9.673440 |
| 986 | |aQS-7105-002-BB-A1 |